000 02750nam a2200385 4500
001 111
003 OSt
005 20250528074012.0
008 250127b |||||||g |||| 00| 1 eng d
020 _a8526241958
040 _bpor
041 _hspa
_apor
082 _a028.5
_bC419dc
100 1 _aCervantes Saavedra, Miguel de
_d1547-1616
_9238
240 _aEl ingenioso hidalgo Don Quijote de la Mancha
245 _aDom Quixote
_bO cavaleiro da triste figura /
_cCervantes, Miguel de ; Tradução e adaptação de José Angeli e Ilustração de Rogério Borges
250 _a21° edição
260 _aSão Paulo
_bScipione
_c2001
300 _a134 p.
490 1 _aReencontro
520 _aHá pouco considerado por uma comissão internacional de escritores como o melhor livro de todos os tempos, Dom Quixote nos chega agora traduzido e adaptado por Ferreira Gullar, que extraiu o melhor sumo do conteúdo poético e humanista dos cinco grossos volumes da edição original da obra de Miguel de Cervantes e, numa linguagem moderna e fluida, a tornou mais acessível aos leitores de nosso tempo. As ilustrações de Gustave Doré com certeza também serão um deleite para os leitores. Dom Quixote certamente vai seguir a trilha do êxito obtido por Gullar no tratamento de dois clássicos da literatura - Fábulas de La Fontaine e As mil e uma noites, ambos ganhadores do prêmio "Altamente Recomendável", dado pela FNLIJ -, também editados pela Revan, que hoje estimulam a imaginação e enchem de beleza os olhos de dezenas de milhares de crianças e adultos em todo o Brasil. A história mostra um ingênuo senhor rural cujo passatempo favorito era a leitura de livros de cavalaria. Na sua obsessão, acreditava literalmente nas aventuras escritas e decide tornar-se um cavaleiro andante. Suas viagens sucedem-se sob a alucinação de que estava vivendo na era da cavalaria; pessoas que encontrava nas estradas pareciam-lhe como cavaleiros em armas, damas em apuros, gigantes e monstros; até moinhos de vento na sua imaginação eram seres vivos. Combatendo as injustiças, o personagem enfrenta situações penosas e ridículas, mantendo, porém, uma figura nobre e patética. Ao final, Dom Quixote volta à razão, renuncia aos romances de cavalaria e morre como piedoso cristão.
650 0 _aLiteratura espanhola
_9144
650 0 _aAdaptação
_9788
650 0 _aAventura
_947
650 0 _aAmor e Paixão
_925
650 0 _aInfantojuvenil
_9200
650 0 _aClássicos
_977
650 0 _aFilme
_926
655 0 _aRomance
_923
655 0 _aFicção
_922
700 _aJosé Angeli
_eTradutor
_eAdaptação
_9244
700 _aRogério Borges
_eIlustração
_9245
830 _aReencontro
_9246
942 _2ddc
_n0
_cBK
999 _c111
_d111